000 00559nam a2200205Ia 4500
005 20250326144518.0
008 250326s9999 xx 000 0 und d
020 _a978-81-7829-864-1
037 _aTextbook
040 _aFMSL
_beng
_cFMSL
041 _aeng
_2eng
084 _aX:89Q P7
_qFMSL
100 _aKalssen R D
_9749804
245 0 _aCases in operations management
_cKalssen R D; Menor L J
260 _aNew Delhi
_bNew Delhi, Sage
_c2007
300 _a425p
365 _b495
942 _cTB
_hX:89Q P7
999 _c1303988
_d1303988